Aleli Susandhi Sodu Naka (Record no. 364180)

MARC details
000 -LEADER
fixed length control field 003590000a22001690004500
005 - DATE AND TIME OF LATEST TRANSACTION
control field 20120302065216.0
040 ## - CATALOGING SOURCE
Original cataloging agency Mar
100 ## - MAIN ENTRY--PERSONAL NAME
Personal name
--
Numeration
Titles and other words associated with a name
245 ## - TITLE STATEMENT
Title Aleli Susandhi Sodu Naka
250 ## - EDITION STATEMENT
Edition statement 1st
260 ## - PUBLICATION, DISTRIBUTION, ETC. (IMPRINT)
Place of publication, distribution, etc Pune:Sarita Prakashan,1996
300 ## - PHYSICAL DESCRIPTION
Extent 105p
365 ## - TRADE PRICE
Price amount 35/-
490 ## - SERIES STATEMENT
Series statement 692
650 ## - SUBJECT ADDED ENTRY--TOPICAL TERM
Topical term or geographic name as entry element Sankirna, Miscellaneous
942 ## - ADDED ENTRY ELEMENTS (KOHA)
Koha item type Book
Holdings
Withdrawn status Lost status Damaged status Not for loan Home library Current library Date acquired Total Checkouts Barcode Date last seen Price effective from
        Institute For Oriental Study, Thane Institute For Oriental Study, Thane 12/02/2009   IOS-M 25235 12/02/2009 12/02/2009